Catálogo
 En Linea

XI feria nacional del libro : (Registro nro. 52634)

Detalles MARC
000 -CABECERA
campo de control de longitud fija 00879nam a22002417a 4500
003 - IDENTIFICADOR DEL NÚMERO DE CONTROL
campo de control DO-SdBNP
005 - FECHA Y HORA DE LA ÚLTIMA TRANSACCIÓN
campo de control 20221025115500.0
007 - CAMPO FIJO DE DESCRIPCIÓN FÍSICA--INFORMACIÓN GENERAL
campo de control de longitud fija ta
008 - DATOS DE LONGITUD FIJA--INFORMACIÓN GENERAL
campo de control de longitud fija 221025b1983 dr ||||| |||| 00| 0 spa d
040 ## - FUENTE DE LA CATALOGACIÓN
Centro catalogador/agencia de origen DO-SdBNP
Lengua de catalogación spa
Centro/agencia transcriptor BNPHU
082 #4 - NÚMERO DE LA CLASIFICACIÓN DECIMAL DEWEY
Número de edición 22
Número de documento/Ítem F356n,1983
111 ## - ENTRADA PRINCIPAL--NOMBRE DE CONGRESO/REUNIÓN
Nombre de congreso/reunión o jurisdicción como elemento de entrada Feria Nacional del Libro
Número del congreso/reunión o número de parte o sección (XIª :
Fecha del congreso/reunión 1983:
Sede del congreso/Lugar de la reunión Santo Domingo)
9 (RLIN) 82367
245 10 - MENCIÓN DE TÍTULO
Título XI feria nacional del libro :
Resto del título programa de clausura
246 ## - FORMA VARIANTE DE TÍTULO
Título propio/Titulo breve Decima primera feria nacional del libro:
Resto del título programa de clausura
260 #4 - PUBLICACIÓN, DISTRIBUCIÓN, ETC.
Lugar de publicación, distribución, etc. Santo Domingo :
Fecha de publicación, distribución, etc. Secretaría de Estado de Educación ,
Nombre del editor, distribuidor, etc. 1983.
300 ## - DESCRIPCIÓN FÍSICA
Extensión 7 p. :
Dimensiones 21 cm.
500 ## - NOTA GENERAL
Nota general Homenaje a Fernando Arturo de Meriño
590 ## - NOTA LOCAL (RLIN)
Nota local Inventariado 2022 / BT
611 #4 - PUNTO DE ACCESO ADICIONAL DE MATERIA--NOMBRE DE REUNIÓN/CONGRESO
Nombre de congreso/reunión o jurisdicción como elemento de entrada Feria nacional del Libro
Fecha del congreso/reunión (1983:
Sede del congreso/Lugar de la reunión Santo Domingo, República Dominicana)
9 (RLIN) 82368
650 #4 - PUNTO DE ACCESO ADICIONAL DE MATERIA--TÉRMINO DE MATERIA
Término de materia o nombre geográfico como elemento de entrada Feria del libro
Subdivisión geográfica República Dominicana
9 (RLIN) 82369
910 ## - DATOS DE OPCIÓN DEL USUARIO (OCLC)
Datos de opción del usuario Btavárez
942 ## - ELEMENTOS DE PUNTO DE ACCESO ADICIONAL (KOHA)
Fuente del sistema de clasificación o colocación Dewey Decimal Classification
Tipo de ítem Koha Folleto
Existencias
Estado de retiro Estado de pérdida Fuente del sistema de clasificación o colocación Restricciones de uso No para préstamo Código de colección Localización permanente Ubicación/localización actual Ubicación en estantería Fecha de adquisición Total de préstamos Signatura topográfica completa Código de barras Fecha visto por última vez Precio válido a partir de Tipo de ítem Koha Número de copia
    Dewey Decimal Classification Excluido de préstamo   Patrimonio Dominicano Biblioteca Nacional Pedro Henríquez Ureña Biblioteca Nacional Pedro Henríquez Ureña En catalogación 25.10.2022   F356n,1983 2022-4522 25.10.2022 25.10.2022 Folleto  
    Dewey Decimal Classification Excluido de préstamo   Patrimonio Dominicano Biblioteca Nacional Pedro Henríquez Ureña Biblioteca Nacional Pedro Henríquez Ureña En catalogación 25.10.2022   F356n,1983 2022-4523 25.10.2022 25.10.2022 Folleto e.2

Con tecnología Koha